000
00288nam a22001337a 4500
008
170602b xxu||||| |||| 00| 0 eng d
020
_a
9781934440964
041
_a
eng
080
_a
94
100
_a
17
101
_a
SHH
245
_a
JEWISH SAGES OF TODDAY
_c
RUBIN.A
942
_2
udc
_c
BK
999
_c
15721
_d
15721